000 00680nam a2200241Ia 4500
003 OSt
005 20220918175337.0
006 a|||||r|||| 00| 0
007 ta
008 220917b |||||||| |||| 00| 0 eng d
024 _a16,662
037 _cTextual
040 _aARTS
_cARTS
_beng
041 _2eng
_aeng
082 _aO:1L70:1, F3-;1
100 _aWordsworth William
245 0 _aPrelude or growth of poet's mind
_b An autobiographical poem ed by Brown Haired Groom
260 _c1923
490 _aEnglish literature series
650 _aENGLISH LITERATURE
942 _hO:1L70:1, F3-;1
_cTEXL
_2CC
999 _c157038
_d157038